| 000 | 00656nam a2200229Ia 4500 | ||
|---|---|---|---|
| 008 | 220216s9999 xx 000 0 und d | ||
| 100 | _aGeorge K M | ||
| 245 | 0 | _aPhysical and dynamic mechanical properties of silica filled nitrile rubber modified with epoxidised natural rubber | |
| 260 |
_bKautschuk Gummi Kunststoffe _c2006 |
||
| 300 | _a544-549 | ||
| 650 | _aCoupling agent | ||
| 650 | _aEpoxidised natural rubber | ||
| 650 | _aNitrile rubber | ||
| 650 | _aReinforcement modifier | ||
| 650 | _aSilica | ||
| 700 | _aGeorge B | ||
| 700 | _aJoseph S | ||
| 700 | _aMathew N M | ||
| 700 | _aThomas K T | ||
| 700 | _aVarkey J K | ||
| 942 | _cBS | ||
| 999 |
_c50936 _d50936 |
||